000 00756nam a2200253 i 4500
001 15847
003 ES-MaACL
005 20230906151153.0
007 t|
008 000508s1995 sp ||||0| spa j
020 _a84-7476-224-3
040 _aM-BN
_bspa
_cM-BN
080 _a303
100 1 _aRodríguez, Josep A.
_998265
245 1 0 _aAnálisis estructural y de redes /
_cJosep A. Rodríguez.
250 _a1ª ed.
260 _aMadrid :
_bCentro de Investigaciones Sociológicas,
_c1995.
300 _a86 p ;
_c24 cm.
490 1 _aCuadernos metodológicos ;
_v16
650 1 4 _aSociología-
_xMetodología.
_917201
830 0 _aCuadernos metodológicos ;
_v16
_9179661
852 _aES-MaACL
_jL-23103
_bR.126979
999 _c15847
_d15847